Những ngày 2/9 trong rừng miền Đông

Guardat en:
Dades bibliogràfiques
Autor principal: Lê, Văn Thảo
Format: Llibre
Idioma:Undetermined
Matèries:
Accés en línia:http://lrc.tdmu.edu.vn/opac/search/detail.asp?aID=2&ID=23962
Etiquetes: Afegir etiqueta
Sense etiquetes, Sigues el primer a etiquetar aquest registre!
Thư viện lưu trữ: Trung tâm Học liệu Trường Đại học Thủ Dầu Một
LEADER 00659nam a2200145Ia 4500
001 TDMU_23962
008 210410s9999 xx 000 0 und d
082 |a 895.922 
100 |a Lê, Văn Thảo 
245 0 |a Những ngày 2/9 trong rừng miền Đông 
245 0 |c Lê Văn Thảo 
300 |a 2Tr 
650 |a Chiến khu miền Đông; Nhà văn miền Nam ; Tạp chí Văn nghệ Giải phóng ; Nhà văn Lê Văn Thảo ; Nhà văn Anh Đức ; Ngôn ngữ & Văn học 
856 |u http://lrc.tdmu.edu.vn/opac/search/detail.asp?aID=2&ID=23962 
980 |a Trung tâm Học liệu Trường Đại học Thủ Dầu Một